| Tag |
First Indicator |
Second Indicator |
Subfields |
| LEADER |
00000cam a2200000 a 4500 |
| 001 |
in00002139502 |
| 006 |
m e d # |
| 007 |
cr mn mmmmabba |
| 008 |
830908s1764 pau s 000 0 eng d |
| 005 |
20260331164005.0 |
| 035 |
|
|
|z w021810
|
| 035 |
|
|
|a MAAR8309081904B
|
| 035 |
|
|
|9 mwa91-50847
|
| 035 |
|
|
|a 317235
|
| 035 |
|
|
|a aas03021810
|
| 040 |
|
|
|a MWA
|c MWA
|e bdrb
|d UtOrBLW
|
| 100 |
1 |
|
|a Dickinson, John,
|d 1732-1808.
|
| 245 |
1 |
2 |
|a A reply to a piece called The speech of Joseph Galloway, Esquire /
|c By John Dickinson. ; [Six lines from Pope].
|
| 264 |
|
3 |
|a Philadelphia :
|b Printed and sold by William Bradford, at his book-store, in Market-Street, adjoining the London Coffee-House,
|c M,DCC,LXIV. [1764]
|
| 300 |
|
|
|a iv, 45 pages, 1 unnumbered page, xiii, 1 unnumbered page ;
|c 21 cm. (octavo)
|
| 336 |
|
|
|a text
|b txt
|2 rdacontent
|
| 337 |
|
|
|a computer
|b c
|2 rdamedia
|
| 338 |
|
|
|a online resource
|b cr
|2 rdacarrier
|
| 510 |
4 |
|
|a Evans
|c 9640
|
| 510 |
4 |
|
|a Hildeburn, C.R. Pennsylvania,
|c 1977
|
| 530 |
|
|
|a Microform version available in the Readex Early American Imprints series.
|
| 533 |
|
|
|a Electronic text and image data.
|b [Chester, Vt. :
|c Readex, a division of Newsbank, Inc.,
|d 2002-2004.
|e Includes files in TIFF, GIF and PDF formats with inclusion of keyword searchable text.
|f (Early American imprints. First series ; no. 9640).
|
| 500 |
|
|
|a Electronic resource.
|
| 600 |
1 |
0 |
|a Galloway, Joseph,
|d 1731-1803.
|t Speech of Joseph Galloway.
|
| 600 |
1 |
0 |
|a Dickinson, John,
|d 1732-1808.
|t Speech, delivered in the House of Assembly of the province of Pennsylvania, May 24th, 1764.
|
| 651 |
|
0 |
|a Pennsylvania
|x Politics and government
|y To 1775.
|
| 651 |
|
0 |
|a Great Britain
|x Colonies
|z America.
|
| 752 |
|
|
|a United States
|b Pennsylvania
|d Philadelphia.
|
| 830 |
|
0 |
|a Early American imprints.
|n Series I,
|p Evans (1639-1800) ;
|v no. 9640.
|
| 856 |
4 |
1 |
|u http://proxy.library.tamu.edu/login?url=https://opac.newsbank.com/select/evans/9640
|y Evans Digital Edition
|t 0
|
| 999 |
|
|
|a MARS
|
| 999 |
f |
f |
|s ce19f3e4-d9ff-3bbe-836f-f448f45c1a2a
|i e79cceff-839a-3600-80b4-40f83ed15f17
|t 0
|
| 952 |
f |
f |
|a Texas A&M University
|b College Station
|c Electronic Resources
|s www_evans
|d Available Online
|t 0
|h No information provided
|
| 998 |
f |
f |
|t 0
|l Available Online
|